Statistics for MY TOP 10 FAVOURITE MOVIES!

Click here to take the quiz!

General Stats

  • This quiz has been taken 5 times
  • The average score is 2 of 10

Answer Stats

DescriptionMovie% Correct
Movie about a menaceDennis the Menace
67%
Movie about emotionsInside out
67%
Movie about a future kingLion King
67%
A baby crawls while having a long adventureBaby's day Out
33%
Bollywood movieAkele Hum Akele Tum
0%
Movie from AustraliaBack to the Outback
0%
Minions movieDespicable me 3
0%
Diary of a Wimpy Kid movieDiary of a Wimpy Kid Rodrick Rules
0%
Movie about people who are sea-monsters in waterLuca
0%
Talking pets are in this movieThe Secret Life of Pets
0%

Score Distribution

Percentile by Number Answered

Percent of People with Each Score

Your Score History

You have not taken this quiz